000 00574nam a2200193 a 4500
001 000047583
005 20201002060624.0
008 180704s2016 dr 000 0 spa d
020 _a9788416799886
020 _a9781635037364
040 _aDO-SdBNP
_bspa
_cBNPHU
082 _axxx
_bxxx
100 1 _aNúñez, Ramón
_d1965-
_975226
245 1 0 _aRelatos de las periferias /
_cRamón Núñez.
260 _aSanto Domingo, :
_bPunto Rojo libros,
_c2016.
300 _a137 p. ;
_c22 cm.
590 _aInventariado, 2018/ YL
500 _aIncluye datos biografícos del autor.
999 _c47071
_d47071